Random Logo's #2 - Statistics

General Stats
  • This quiz has been taken 527 times
  • The average score is 10 of 15
Answer Stats
Picture Answer % Correct
nike
99%
superman
95%
gucci
94%
playstation
93%
toy story
91%
jetpunk
87%
gatorade
82%
barcelona
60%
cadillac
60%
rocket league
60%
golden state warriors
56%
michigan
52%
seattle seahawks
49%
temple
23%
boise st
17%
No matching quizzes found
Score Distribution
Percent of People with Each Score
Percentile by Number Answered
Your Score History
You have not taken this quiz